[Event "2011 Canadian Closed"]
[Site "Guelph Canada"]
[EventDate "2011.05.06"]
[Date "2011.05.08"]
[Round "5"]
[White "Stevens, Christian"]
[WhiteTitle "FM"]
[WhiteElo "2378"]
[Black "Tremblay, Rejean"]
[BlackTitle "-"]
[BlackElo "2238"]
[Result "0-1"]
[Source "MonRoi"]

1. e4 c5 2. Nf3 d6 3. d4 cxd4 4. Nxd4 Nf6 5. f3 a6 6. c4 e6 7. Nc3 Be7 8. Be3 O-O 9. Be2 Qc7 10. Qd2 b6 11. O-O Bb7 12. Rfc1 Nbd7 13. a4 Rfe8 14. a5 bxa5 15. Nb3 Reb8 16. Nxa5 Bc8 17. b4 Ne5 18. b5 Bd7 19. bxa6 Rxa6 20. Nd5 exd5 21. cxd5 Rxa5 22. Rxa5 Qd8 23. Ra7 h6 24. Rca1 Nh7 25. Qa2 f5 26. f4 Ng4 27. Bxg4 fxg4 28. e5 Bf5 29. Bd4 Rc8 30. Rb7 Nf8 31. Qa7 Ng6 32. Ra6 Rc1 33. Kf2 Bf8 34. g3 dxe5 35. Rxg6 Bxg6 36. Bxe5 Bc5 37. Qxc5 Rxc5 38. Rxg7 Kf8 39. Rxg6 Rc2  0-1

[Event "2011 Canadian Closed"]
[Site "Guelph Canada"]
[EventDate "2011.05.06"]
[Date "2011.05.08"]
[Round "5"]
[White "Sapozhnikov, Roman"]
[WhiteTitle "-"]
[WhiteElo "2451"]
[Black "Filipovich, David"]
[BlackTitle "-"]
[BlackElo "2174"]
[Result "1-0"]
[Source "MonRoi"]

1. e4 g6 2. d4 Bg7 3. Nc3 d6 4. Be3 a6 5. Qd2 b5 6. f3 Nd7 7. g4 Bb7 8. h4 h5 9. gxh5 Rxh5 10. Nge2 Ngf6 11. Ng3 Rh8 12. O-O-O c5 13. dxc5 Nxc5 14. h5 Nxh5 15. Nxh5 Rxh5 16. Rxh5 gxh5 17. Bxc5 dxc5 18. Qg5 Bd4 19. Qg8 Kd7 20. Qxf7 Kc7 21. Qxh5 b4 22. Nd5 Bxd5 23. exd5 Qh8 24. Qf7 Bxb2 25. Kb1 Ba3 26. Qxe7 Kb6 27. Qd6 Ka5 28. Qxc5 Ka4 29. Rd4 Qe5 30. Qc3 Rc8 31. Rxb4  1-0

[Event "2011 Canadian Closed"]
[Site "Guelph Canada"]
[EventDate "2011.05.06"]
[Date "2011.05.08"]
[Round "5"]
[White "Humphreys, Michael"]
[WhiteTitle "-"]
[WhiteElo "2273"]
[Black "Barron, Michael"]
[BlackTitle "FM"]
[BlackElo "2328"]
[Result "1/2-1/2"]
[Source "MonRoi"]

1. Nf3 f5 2. c4 Nf6 3. g3 g6 4. Bg2 Bg7 5. Nc3 d6 6. d3 e5 7. Rb1 a5 8. Bg5 c6 9. a3 O-O 10. b4 axb4 11. axb4 Be6 12. O-O Nbd7 13. Qc2 h6 14. Bxf6 Qxf6 15. Nd2 e4 16. Nd1 d5 17. Nb3 dxc4 18. dxc4 Ne5 19. Ne3 g5 20. Nc5 f4 21. Nxe4 Qg6 22. Nc5 Qxc2 23. Nxc2 Bxc4 24. Nd4 f3 25. Nxf3 Bxe2 26. Nxe5 Bxf1 27. Rxf1 Bxe5 28. Nxb7 Rf6 29. Nc5 Bd4 30. Ne4 Re6 31. b5 cxb5 32. Nxg5 Rea6 33. Bd5 Kh8 34. Bxa8 Rxa8 35. Rd1 Ra1 36. Rxa1 Bxa1 37. Ne4 b4 38. Nc5 Kg7 39. Kf1 Kf6 40. Ke2 Bd4 41. Nb3 Bb6 42. f3 Ke5 43. Kd3 Kd5 44. g4 Bc7 45. Nd4 Bxh2 46. Nf5 Bf4 47. Ne7 Kc5 48. Ng6 Bg5 49. f4 Bf6 50. g5 hxg5 51. fxg5 Bxg5 52. Ne5 Kb5 53. Kc2 Ka4 54. Nd3 b3 55. Kb1 Be3 56. Kb2 Bd4 57. Kb1 Ka3 58. Nc1 b2 59. Nd3 Kb3 60. Nxb2 Bxb2  1/2-1/2

[Event "2011 Canadian Closed"]
[Site "Guelph Canada"]
[EventDate "2011.05.06"]
[Date "2011.05.08"]
[Round "5"]
[White "Haessel, Dale"]
[WhiteTitle "FM"]
[WhiteElo "2233"]
[Black "Upper, John"]
[BlackTitle "-"]
[BlackElo "2169"]
[Result "1/2-1/2"]
[Source "MonRoi"]

1. d4 d5 2. Nf3 Nf6 3. c4 c6 4. Nc3 dxc4 5. a4 Bf5 6. Ne5 Nbd7 7. Nxc4 Qc7 8. g3 e5 9. dxe5 Nxe5 10. Bf4 Nfd7 11. Bg2 g5 12. Ne3 gxf4 13. Nxf5 O-O-O 14. Qc2 Nc5 15. O-O Ne6 16. Rac1 Rg8 17. Qe4 Nc5 18. Qxf4 Rg4 19. Qe3 Nc4 20. Qf3 Ne5  1/2-1/2

[Event "2011 Canadian Closed"]
[Site "Guelph Canada"]
[EventDate "2011.05.06"]
[Date "2011.05.08"]
[Round "5"]
[White "Anastasovski, Nikola"]
[WhiteTitle "-"]
[WhiteElo "2190"]
[Black "Nicholson, Matthew"]
[BlackTitle "-"]
[BlackElo "2020"]
[Result "0-1"]
[Source "MonRoi"]

1. e4 c5 2. c4 Nc6 3. Nc3 g6 4. g3 Bg7 5. Bg2 d6 6. d3 e6 7. Nge2 Nge7 8. Be3 O-O 9. Qd2 a6 10. Bh6 Bxh6 11. Qxh6 Nd4 12. O-O-O Qa5 13. Kb1 Nec6 14. h4 b5 15. h5 Ra7 16. Nf4 Ne5 17. Rh4 bxc4 18. dxc4 Rb7 19. hxg6 fxg6 20. Kc1 Rff7 21. Nd3 Rxb2 22. Nxb2 Qxc3 23. Kb1 Nxc4 24. Qc1 Na3 25. Ka1 Ndc2 26. Qxc2 Qxc2 27. Rhh1 Qb1  0-1

[Event "2011 Canadian Closed"]
[Site "Guelph Canada"]
[EventDate "2011.05.06"]
[Date "2011.05.09"]
[Round "6"]
[White "Calugar, Arthur"]
[WhiteTitle "-"]
[WhiteElo "2401"]
[Black "Gerzhoy, Leonid"]
[BlackTitle "IM"]
[BlackElo "2629"]
[Result "0-1"]
[Source "MonRoi"]

1. Nf3 d5 2. b3 c5 3. e3 a6 4. Bb2 Nc6 5. g3 d4 6. Bg2 e5 7. d3 Nf6 8. Nbd2 Be7 9. O-O O-O 10. Nc4 Qc7 11. Re1 Be6 12. exd4 exd4 13. Ng5 Bg4 14. Qd2 h6 15. Nf3 Rfe8 16. c3 Bxf3 17. Bxf3 b5 18. Bxc6 dxc3 19. Qxc3 Qxc6 20. Ne5 Qd5 21. d4 Rac8 22. Rac1 Bf8 23. Rcd1 c4 24. bxc4 bxc4 25. Rc1 Qb7 26. Nxc4 Rxc4 27. Qxc4 Rxe1 28. Rxe1 Qxb2 29. Qxa6 Qxd4 30. h3 h5 31. Qe2 h4 32. Rd1 Qc3 33. Rd3 Qa1+ 34. Rd1 Qc3 35. Rd3 Qa1+ 36. Rd1 Qc3 37. Qd3 Qb2 38. Qd2 Qa3 39. gxh4 Qxh3 40. Qd3 Qg4+ 41. Kf1 Qxh4 42. Qd4 Ne4 43. Rd3 Qh1+ 44. Ke2 Qh5++ 45. Kf1 Qf5 46. Kg2 Ng5 47. Qd5 Qf6 48. Qd8 Qg6 49. Rg3 Qe4++ 50. Kf1 Qh1++ 51. Ke2 Ne6 52. Qb8 Qe4+ 53. Kf1 Nf4 54. Qb6 Qh1+ 55. Rg1 Qh3+ 56. Ke1 Qc3+ 57. Kd1 Qd3++ 58. Kc1 Ba3+  0-1

[Event "2011 Canadian Closed"]
[Site "Guelph Canada"]
[EventDate "2011.05.06"]
[Date "2011.05.09"]
[Round "6"]
[White "Thavandiran, Shiyam"]
[WhiteTitle "FM"]
[WhiteElo "2463"]
[Black "Tremblay, Rejean"]
[BlackTitle "-"]
[BlackElo "2238"]
[Result "1-0"]
[Source "MonRoi"]

1. e4 c5 2. Nf3 d6 3. c3 Nf6 4. h3 Nc6 5. Bd3 d5 6. e5 Nd7 7. Bb5 e6 8. d4 Qb6 9. Ba4 Qa6 10. Na3 cxd4 11. Nb5 Qa5 12. Nbxd4 Nxd4 13. Nxd4 a6 14. O-O Qc7 15. Re1 b5 16. Bb3 Nc5 17. Bc2 g6 18. h4 Bg7 19. Bf4 O-O 20. Qd2 Bb7 21. Bh6 Bxe5 22. Bxf8 Rxf8 23. g3 Bg7 24. f4 Ne4 25. Qe3 Re8 26. Bxe4 dxe4 27. Ne2 Bf8 28. b4 Rd8 29. Red1 Rd3 30. Rxd3 exd3 31. Qxd3 Qc6 32. Kf2 e5 33. Rg1 Qb6 34. Qe3 Qe6 35. Qxe5 Qxa2 36. Rd1 Bc8 37. Rd8 Bg4 38. Qe8 Qxe2 39. Qxe2 Bxe2 40. Kxe2 Kg7 41. Ra8  1-0

[Event "2011 Canadian Closed"]
[Site "Guelph Canada"]
[EventDate "2011.05.06"]
[Date "2011.05.09"]
[Round "6"]
[White "Jung, Hans"]
[WhiteTitle "FM"]
[WhiteElo "2289"]
[Black "Mills, Morgon"]
[BlackTitle "-"]
[BlackElo "2056"]
[Result "1-0"]
[Source "MonRoi"]

1. Nc3 d5 2. e4 dxe4 3. Nxe4 Nf6 4. Nxf6 gxf6 5. d4 Nc6 6. c3 e5 7. d5 Ne7 8. Bb5 c6 9. dxc6 Qxd1 10. Kxd1 Nxc6 11. Be3 Rg8 12. g3 Bf5 13. Ke2 a6 14. Bxc6 bxc6 15. Rd1 Bc2 16. Rd2 Bb1 17. b3 e4 18. f3 f5 19. Nh3 exf3 20. Kf2 Be4 21. Rhd1 Bg7 22. Bg5 f6 23. Be3 Bf8 24. Nf4 Be7 25. Ne6 Rc8 26. Bc5 f4 27. Rd7 fxg3 28. hxg3 Bxc5 29. Nxc5 Bf5 30. Ra7 Rg5 31. Nxa6 Bg6 32. Nc7 Ke7 33. Nd5 Kf8 34. Nxf6 h6 35. Rdd7 Rf5 36. Ng4 Rd5 37. Rg7 Bh5 38. Nf6 Rd2 39. Ke3 Re2 40. Kf4 f2  1-0

[Event "2011 Canadian Closed"]
[Site "Guelph Canada"]
[EventDate "2011.05.06"]
[Date "2011.05.09"]
[Round "6"]
[White "Itkin, David"]
[WhiteTitle "-"]
[WhiteElo "2160"]
[Black "Sapozhnikov, Roman"]
[BlackTitle "-"]
[BlackElo "2451"]
[Result "0-1"]
[Source "MonRoi"]

1. e4 c5 2. Nc3 e6 3. Nf3 a6 4. d4 cxd4 5. Nxd4 Qc7 6. Bd3 Nf6 7. f4 d6 8. Be3 Nc6 9. Qf3 Be7 10. O-O-O Nxd4 11. Bxd4 Bd7 12. e5 Bc6 13. Qg3 dxe5 14. Bxe5 Qa5 15. Qxg7 Rg8 16. Qh6 Nd7 17. Qxh7 Rf8 18. Bg7 Nf6 19. Qh3 Rg8 20. Bxf6 Bxf6 21. Rhe1 O-O-O 22. Bc4 Bxg2 23. Qe3 Bxc3 24. Rxd8+ Rxd8 25. Qxc3 Qxc3 26. bxc3 Rh8 27. f5 exf5 28. Bxf7 f4 29. Re5 Rxh2 30. Rf5 Rh4 31. Kd2 Be4 32. Rf6 Rh2+ 33. Ke1 f3 34. Rf4 Bc6 35. Be6+ Kc7 36. Bg4 Rxc2 37. Bxf3 Rxc3 38. Bxc6 Kxc6 39. Rf2 Rd3 40. Ke2 Rd5 41. Ke3 b6 42. Rc2+ Kb5 43. Ke4 Rd1 44. Rb2+ Ka5 45. Ke3 b5 46. Ke2 Rd5 47. Ke3 Ka4 48. Ke2 Ka3 49. Rc2 b4 50. Rc6 Kxa2 51. Rxa6+ Kb2 52. Ra8 b3 53. Ra7 Kb1 54. Rb7 b2 55. Rb8 Ra5  0-1

[Event "2011 Canadian Closed"]
[Site "Guelph Canada"]
[EventDate "2011.05.06"]
[Date "2011.05.09"]
[Round "6"]
[White "Hamilton, Robert"]
[WhiteTitle "FM"]
[WhiteElo "2370"]
[Black "Guo, Josh"]
[BlackTitle "-"]
[BlackElo "2272"]
[Result "1-0"]
[Source "MonRoi"]

1. d4 Nf6 2. c4 e6 3. Nf3 b6 4. g3 Ba6 5. b3 Bb4 6. Bd2 Be7 7. Bg2 c6 8. Bg5 d5 9. Nbd2 Nbd7 10. O-O O-O 11. Re1 Rc8 12. e4 dxe4 13. Nxe4 Nxe4 14. Bxe7 Qxe7 15. Rxe4 Qd6 16. Re2 Rfd8 17. Rd2 Qc7 18. Qc2 c5 19. Rad1 cxd4 20. Rxd4 Nf6 21. Qd2 Rxd4 22. Qxd4 Bb7 23. Ne5 Bxg2 24. Kxg2 h6 25. a4 Qc5 26. Kf3 Qxd4 27. Rxd4 Kf8 28. b4 a6 29. Rd6 b5 30. Rxa6 bxc4 31. Rc6 Rxc6 32. Nxc6 c3 33. Ke3 Ke8 34. Kd3 Nd5 35. b5 Kd7 36. Nd4 e5 37. Ne2 e4 38. Kc2 e3 39. f3 g5 40. Nxc3 Nxc3 41. Kxc3 f5  1-0

[Event "2011 Canadian Closed"]
[Site "Guelph Canada"]
[EventDate "2011.05.06"]
[Date "2011.05.09"]
[Round "6"]
[White "Kleinman, Michael"]
[WhiteTitle "-"]
[WhiteElo "2301"]
[Black "Qin, Joey"]
[BlackTitle "-"]
[BlackElo "2353"]
[Result "1-0"]
[Source "MonRoi"]

1. e4 c5 2. Nc3 d6 3. f4 g6 4. Nf3 Bg7 5. Bc4 Nc6 6. O-O e6 7. f5 exf5 8. d3 Nge7 9. Qe1 Be6 10. Bxe6 fxe6 11. exf5 exf5 12. Bf4 Qd7 13. Qg3 Rd8 14. Rae1 O-O 15. Qh4 Rde8 16. Ng5 h6 17. Ne6 g5 18. Nxf8 Rxf8 19. Bxg5 hxg5 20. Qxg5 Rf6 21. Ne2 Rg6 22. Qh5 Be5 23. Nf4 Rg4 24. g3 b5 25. Qh6 Nd8 26. c3 b4 27. Rxe5 dxe5 28. Nh5 Nd5 29. c4 Nf7 30. cxd5 Nxh6 31. Nf6+ Kg7 32. Nxd7 Rd4 33. Nxc5 Rxd5 34. Rc1 Kg6 35. h3 Nf7 36. Rc2 f4 37. Kg2 Nd6 38. Ne4 Nf5 39. Rc6+ Kg7 40. Rc7+ Kg6 41. gxf4 exf4 42. Kf3 Nd4+ 43. Kg4 Ra5 44. h4 Rxa2 45. h5+ Kh6 46. Nf6  1-0

[Event "2011 Canadian Closed"]
[Site "Guelph Canada"]
[EventDate "2011.05.06"]
[Date "2011.05.09"]
[Round "6"]
[White "Upper, John"]
[WhiteTitle "-"]
[WhiteElo "2169"]
[Black "Stevens, Christian"]
[BlackTitle "FM"]
[BlackElo "2378"]
[Result "1/2-1/2"]
[Source "MonRoi"]

1. Nf3 d5 2. d4 Nf6 3. Bf4 c5 4. e3 Nc6 5. c3 Qb6 6. Qc2 Bg4 7. dxc5 Qxc5 8. Nbd2 e6 9. Qb3 Bd6 10. Qxb7 Rb8 11. Bxd6 Qxd6 12. Qa6 Bxf3 13. Nxf3 O-O 14. Bb5 Rb6 15. Qa4 Rfb8 16. Bxc6 Qxc6 17. Qxc6 Rxc6 18. Ne5 Ra6 19. Nd3 e5 20. O-O e4 21. Nc5 Ra5 22. b4 Ra3 23. Nb3 Rc8 24. Rfc1 Nd7 25. Rc2 Ne5 26. Rd1 Nd3 27. Rdd2 Ne1 28. Rc1 Nd3 29. Rcc2 Ne1 30. Rc1  1/2-1/2

[Event "2011 Canadian Closed"]
[Site "Guelph Canada"]
[EventDate "2011.05.06"]
[Date "2011.05.09"]
[Round "6"]
[White "Drkulec, Vladimir"]
[WhiteTitle "-"]
[WhiteElo "2202"]
[Black "Djerkovic, Miladin"]
[BlackTitle "-"]
[BlackElo "2280"]
[Result "0-1"]
[Source "MonRoi"]

1. d4 Nf6 2. c4 e6 3. Nf3 d5 4. g3 dxc4 5. Bg2 Nc6 6. Qa4 Bb4 7. Bd2 Nd5 8. Bxb4 Ndxb4 9. O-O Bd7 10. a3 b5 11. Qxb5 Nc2 12. Ra2 N6xd4 13. Qc5 Bc6 14. Nxd4 Bxg2 15. Kxg2 Qxd4 16. Qc6 Ke7 17. Qxc7 Kf6 18. Qf4 Qxf4 19. gxf4 Nd4 20. e3 Nb3 21. a4 a5 22. Na3 Rac8 23. Rd1 Ke7 24. Kf1 Rhd8 25. Ke1 Rd3 26. Nb1 Rxd1 27. Kxd1 Kd6 28. Nd2 Kc5 29. Kc2 Kb4 30. Nf3 Rd8 31. Ra3 f6 32. h3 e5 33. f5 Rd3 34. h4 h5  0-1

[Event "2011 Canadian Closed"]
[Site "Guelph Canada"]
[EventDate "2011.05.06"]
[Date "2011.05.09"]
[Round "6"]
[White "Anastasovski, Nikola"]
[WhiteTitle "-"]
[WhiteElo "2190"]
[Black "Haessel, Dale"]
[BlackTitle "FM"]
[BlackElo "2233"]
[Result "1/2-1/2"]
[Source "MonRoi"]

1. e4 c5 2. c4 Nc6 3. Nc3 g6 4. g3 Bg7 5. Bg2 d6 6. d3 Nf6 7. h3 O-O 8. Be3 Nd4 9. Qd2 a6 10. Rc1 Rb8 11. Nge2 Nd7 12. f4 b5 13. O-O b4 14. Nd1 Qa5 15. b3 Bb7 16. g4 f5 17. gxf5 gxf5 18. Ng3 e6 19. Nh5 Rf7 20. Kh2 Nf6 21. Nxg7 Rxg7 22. Qf2 Qb6 23. Bxd4 cxd4 24. Qe2 Kh8 25. Nf2 Rbg8 26. Rg1 Qd8 27. Bf3 fxe4 28. Nxe4 Nxe4 29. Bxe4 Qh4 30. Qf3 Bxe4 31. dxe4 Rxg1 32. Rxg1 Rxg1 33. Kxg1 Qe1 34. Kg2 Qd2 35. Qf2 Qd3 36. e5 dxe5 37. fxe5 Qe4 38. Kf1 Qb1 39. Kg2 Qe4 40. Kg1 h5 41. Qf8 Kh7 42. Qf7 Kh6 43. Qxe6 Kh7 44. Qf7 Kh6 45. Qf6 Kh7 46. Qf7 Kh6 47. Qf6 Kh7 48. Qf7  1/2-1/2

[Event "2011 Canadian Closed"]
[Site "Guelph Canada"]
[EventDate "2011.05.06"]
[Date "2011.05.09"]
[Round "7"]
[White "Sambuev, Bator"]
[WhiteTitle "GM"]
[WhiteElo "2750"]
[Black "Thavandiran, Shiyam"]
[BlackTitle "FM"]
[BlackElo "2463"]
[Result "1-0"]
[Source "MonRoi"]

1. d4 e6 2. Nf3 Nf6 3. e3 b6 4. Bd3 Bb7 5. O-O c5 6. b3 Nc6 7. a3 d5 8. Bb2 Qc7 9. c4 Be7 10. Nbd2 dxc4 11. bxc4 O-O 12. Rc1 Rfd8 13. Bb1 Rac8 14. Qc2 g6 15. dxc5 bxc5 16. Rcd1 Ba8 17. h3 Ne8 18. Ne4 Rxd1 19. Rxd1 Rd8 20. Rf1 Nb8 21. Ne5 Bxe4 22. Qxe4 Bf6 23. Bc3 Bg7 24. f4 Nd6 25. Qc2 Nf5 26. Ng4 h5 27. Bxg7 Nxg7 28. Nf6 Kf8 29. Qc3 Nd7 30. Ne4 Nf5 31. Bc2 Ke7 32. Kf2 Nd6 33. Nxd6 Qxd6 34. Rd1 Qc7 35. Bxg6 Nf6 36. Bd3 Ne4 37. Bxe4 Rxd1 38. Bf3 Rb1 39. Bxh5 Qb6 40. Kg3 Qb2 41. Qa5 Qb6 42. Qc3 Qb2 43. Qa5 Qb6 44. Qa4 a5 45. Qc2 Qb3 46. Qh7 Qxe3 47. Kg4 Rg1 48. Qxf7 Kd8 49. Qe8 Kc7 50. Qe7 Kc8 51. Qf8 Kb7 52. Qg7 Kc8 53. Qh8 Kc7 54. Qg7 Kc8 55. Qf8 Kb7 56. Kh4 Qf2 57. Kg5 Qxg2 58. Bg4 Qc6 59. Qg7 Qc7 60. Qf6 Qd7 61. Qe5 Qe7 62. Kg6 Ka7 63. f5 Qe8 64. Kg5 Qg8 65. Kf4 Rf1 66. Bf3 Qb8 67. Qxb8 Kxb8 68. f6 e5 69. Ke3 e4 70. Kxe4 Re1 71. Kf5 Rf1 72. Kf4  1-0

[Event "2011 Canadian Closed"]
[Site "Guelph Canada"]
[EventDate "2011.05.06"]
[Date "2011.05.09"]
[Round "7"]
[White "Noritsyn, Nikolay"]
[WhiteTitle "IM"]
[WhiteElo "2584"]
[Black "Calugar, Arthur"]
[BlackTitle "-"]
[BlackElo "2401"]
[Result "1-0"]
[Source "MonRoi"]

1. d4 Nf6 2. c4 g6 3. d5 Bg7 4. Nc3 d6 5. e4 O-O 6. Bd3 Nbd7 7. Nf3 Ng4 8. O-O e5 9. dxe6 fxe6 10. Ng5 Ndf6 11. f4 h6 12. Nf3 c6 13. Qe1 Nh7 14. h3 Ngf6 15. e5 dxe5 16. Nxe5 g5 17. fxg5 hxg5 18. Be3 Qd6 19. Bf2 Nh5 20. Bxh7 Kxh7 21. Qe4 Kg8 22. Ng6 Rf5 23. Rad1 Qc7 24. g4 Nf6 25. Qd3 Ra5 26. Bg3 Qb6 27. Kh1 Bd7 28. Ne7 Kh8 29. Rxf6 Bxf6 30. Qxd7 Qe3 31. Rd3 Qc1 32. Rd1 Qe3 33. Rd3 Qc1 34. Nd1 Qxc4 35. Nf2 Rc5 36. b3 Qc1 37. Kg2 Qe1 38. Ng6 Kg8 39. Ne7 Kh8 40. Nc8 Rd5 41. Qf7 Qa1 42. Rxd5 Rxc8 43. Rd7 Bg7 44. Qh5 Kg8 45. Qxg5 Rf8 46. Rd8 Qxa2 47. Rxf8 Kxf8 48. Qd8 Kf7 49. Qd7 Kg8 50. Qxe6  1-0

[Event "2011 Canadian Closed"]
[Site "Guelph Canada"]
[EventDate "2011.05.06"]
[Date "2011.05.09"]
[Round "7"]
[White "Sapozhnikov, Roman"]
[WhiteTitle "-"]
[WhiteElo "2451"]
[Black "Hamilton, Robert"]
[BlackTitle "FM"]
[BlackElo "2370"]
[Result "0-1"]
[Source "MonRoi"]

1. e4 e6 2. d4 d5 3. e5 c5 4. c3 Nc6 5. Nf3 Nh6 6. Na3 Nf5 7. Nc2 Nh4 8. Nxh4 Qxh4 9. Be2 cxd4 10. cxd4 Bd7 11. O-O f5 12. f4 Qd8 13. Be3 Rc8 14. Rc1 Qb6 15. b3 Be7 16. Bd3 h5 17. Be2 g6 18. Ne1 Qa5 19. Rc2 Kf7 20. Nd3 Nb4 21. Nxb4 Bxb4 22. Rxc8 Rxc8 23. Bxh5 Qxa2 24. Rf2 Qa3 25. g4 gxh5 26. gxf5 Rg8 27. Kh1 exf5 28. Qxh5 Kf8 29. Qh6 Ke8 30. Rc2 Qa1 31. Rc1 Qa2 32. Rg1 Rxg1 33. Kxg1 Qe2 34. Bf2 Qg4 35. Kh1 Bf8 36. Qf6 Qg7 37. Qh4 Be6  0-1

[Event "2011 Canadian Closed"]
[Site "Guelph Canada"]
[EventDate "2011.05.06"]
[Date "2011.05.09"]
[Round "7"]
[White "Humphreys, Michael"]
[WhiteTitle "-"]
[WhiteElo "2273"]
[Black "Kleinman, Michael"]
[BlackTitle "-"]
[BlackElo "2301"]
[Result "0-1"]
[Source "MonRoi"]

1. Nf3 Nf6 2. c4 c5 3. Nc3 Nc6 4. g3 g6 5. Bg2 Bg7 6. d4 cxd4 7. Nxd4 Nxd4 8. Qxd4 O-O 9. O-O d6 10. Qd5 a6 11. Bd2 Rb8 12. Rac1 b5 13. cxb5 axb5 14. Nxb5 Bf5 15. Qb3 Be6 16. Qb4 Bxa2 17. b3 Qd7 18. Bc6 Qe6 19. Nd4 Qh3 20. Bb5 e5 21. Nf3 e4 22. Ng5 Qf5 23. Qa3 Rxb5 24. Qxa2 h6 25. Bf4 hxg5 26. Bxd6 Re8 27. b4 Bf8 28. Rc5 Rxc5 29. bxc5 Bxd6 30. cxd6 Qd5 31. Qxd5 Nxd5 32. Rd1 Nf6 33. Rd4 Nd7 34. f3 exf3 35. exf3 Re2 36. Kf1 Rxh2 37. Rg4 Rd2 38. Rxg5 Kg7 39. Ra5 Kf6 40. f4 Ke6 41. g4 Kxd6 42. Ra6 Ke7 43. Ra4 Kf6 44. Ra6 Kg7 45. Ra4 Nc5 46. Rc4 Ne6 47. f5 gxf5 48. gxf5 Ng5 49. Rc5 Kf6 50. Ke1 Nf3 51. Kf1 Ne5 52. Rc3 Kxf5 53. Rf3 Ke6 54. Re3 f5 55. Ke1 Ra2 56. Kf1 Kf6 57. Rg3 f4 58. Rb3 Kf5 59. Rb8 Kg4 60. Rb3 Nc4 61. Rd3 Ne3 62. Kg1 Kg3  0-1

[Event "2011 Canadian Closed"]
[Site "Guelph Canada"]
[EventDate "2011.05.06"]
[Date "2011.05.09"]
[Round "7"]
[White "Tremblay, Rejean"]
[WhiteTitle "-"]
[WhiteElo "2238"]
[Black "Mills, Morgon"]
[BlackTitle "-"]
[BlackElo "2056"]
[Result "0-1"]
[Source "MonRoi"]

1. e4 c6 2. Nc3 d5 3. Nf3 Nf6 4. e5 Ne4 5. Bd3 Nxc3 6. dxc3 Bg4 7. O-O e6 8. Re1 Nd7 9. h3 Bh5 10. Bf4 Qc7 11. c4 Nb6 12. cxd5 Nxd5 13. Bd2 Be7 14. a3 Rd8 15. Qe2 Bg6 16. Bxg6 hxg6 17. c4 Nb6 18. Bg5 Bxg5 19. Nxg5 Rh5 20. Nf3 Ke7 21. b3 c5 22. Qe3 Nd7 23. Rad1 Nxe5 24. Ng5 Rxd1 25. Rxd1 Nd7 26. f4 Rh4 27. f5 Qf4 28. Rxd7 Kxd7 29. fxe6 Kc6 30. Qxf4 Rxf4 31. exf7 Kd7 32. g3 Rf5 33. g4 Rf4 34. Kg2 Ke7 35. a4 b6 36. Kg1 Rf6 37. Kg2 Rd6 38. Kf2 Rd3 39. Nf3 Rxb3 40. Ne5 Rxh3 41. Nc6 Kxf7 42. Nxa7 Ra3 43. Nc8 Rxa4 44. Nxb6 Rb4 45. Nd7 Ke7 46. Nxc5 Rxc4 47. Nd3 Rxg4 48. Kf3 Ra4 49. Ne5 Kf6 50. Ng4 Kg5 51. Ne5 Kf5 52. Nd7 Ra3 53. Kg2 g5 54. Nb6 Kg4 55. Nd5 Ra2 56. Kf1 Kh3 57. Nc3 Ra1 58. Kf2 g4 59. Ne4 Ra2 60. Kg1 g3 61. Ng5 Kg4 62. Ne6 g6 63. Kh1 Re2 64. Nd4 Re4 65. Nc2 Kh3 66. Kg1 Rc4 67. Ne1 Rc1 68. Kf1 Rxe1 69. Kxe1 g2 70. Kf2 Kh2  0-1

[Event "2011 Canadian Closed"]
[Site "Guelph Canada"]
[EventDate "2011.05.06"]
[Date "2011.05.09"]
[Round "7"]
[White "Nicholson, Matthew"]
[WhiteTitle "-"]
[WhiteElo "2020"]
[Black "Qin, Joey"]
[BlackTitle "-"]
[BlackElo "2353"]
[Result "0-1"]
[Source "MonRoi"]

1. d4 Nf6 2. c4 g6 3. Nc3 Bg7 4. e4 d6 5. Nf3 O-O 6. Be2 e5 7. O-O Nc6 8. d5 Ne7 9. Ne1 Nd7 10. Be3 f5 11. f3 f4 12. Bf2 g5 13. Nd3 b6 14. b4 a6 15. c5 Rf6 16. cxd6 cxd6 17. Qb3 Rg6 18. Rfc1 h5 19. Rc2 g4 20. Bh4 Kh8 21. Bxe7 Qxe7 22. Rac1 gxf3 23. Bxf3 Nf6 24. Na4 Bg4 25. Kh1 b5 26. Nb6 Rg8 27. Rc7 Qd8 28. Qb2 Ne8 29. Rb7 Qg5 30. Qf2 Bf8 31. Na8 Nf6 32. h4 Qh6 33. Rc2 Bxf3 34. gxf3 Rg3 35. Kh2 Ng4 36. fxg4 hxg4 37. Kh1 Qxh4 38. Qh2 Rh3 39. Kg1 f3  0-1

[Event "2011 Canadian Closed"]
[Site "Guelph Canada"]
[EventDate "2011.05.06"]
[Date "2011.05.09"]
[Round "7"]
[White "Djerkovic, Miladin"]
[WhiteTitle "-"]
[WhiteElo "2280"]
[Black "Itkin, David"]
[BlackTitle "-"]
[BlackElo "2160"]
[Result "1-0"]
[Source "MonRoi"]

1. e4 c5 2. Nf3 d6 3. d4 Nf6 4. Nc3 cxd4 5. Nxd4 Nc6 6. Be3 Ng4 7. Bb5 Nxe3 8. fxe3 Bd7 9. O-O e6 10. Bxc6 bxc6 11. e5 dxe5 12. Qh5 Qe7 13. Qxe5 f6 14. Qe4 Rc8 15. Rad1 g6 16. Nb3 Bg7 17. Qc4 O-O 18. Nc5 Rfd8 19. N3e4 Kh8 20. Nd6 Rb8 21. Ndb7 Rxb7 22. Nxb7 Rb8 23. Qc5 Qe8 24. Nd6 Qe7 25. Qxa7 Rxb2 26. Nc4  1-0

[Event "2011 Canadian Closed"]
[Site "Guelph Canada"]
[EventDate "2011.05.06"]
[Date "2011.05.09"]
[Round "7"]
[White "Guo, Josh"]
[WhiteTitle "-"]
[WhiteElo "2272"]
[Black "Upper, John"]
[BlackTitle "-"]
[BlackElo "2169"]
[Result "0-1"]
[Source "MonRoi"]

1. e4 e6 2. d4 d5 3. Nd2 Nf6 4. e5 Nfd7 5. Bd3 c5 6. c3 Nc6 7. Ngf3 h6 8. O-O g5 9. g4 Bg7 10. b4 cxd4 11. cxd4 Nxb4 12. Bb1 Nc6 13. Qc2 Nf8 14. Re1 Qb6 15. Nb3 Ng6 16. a4 a5 17. Ba3 Bf8 18. Bxf8 Kxf8 19. Nc5 Qb4 20. Nd3 Qb6 21. Qc3 Nb4 22. Nc5 Nf4 23. Qd2 Qd8 24. h4 b6 25. Nd3 Nfxd3 26. Bxd3 gxh4 27. Kh2 Nxd3 28. Qxd3 Ba6 29. Qe3 Ke7 30. Qa3 Ke8 31. Kh3 Rc8 32. Rac1 Rxc1 33. Rxc1 Be2 34. Rc6 Rg8 35. Qc3 Bf1 36. Kh2 Bc4 37. Nd2 Rxg4 38. f3 Rg3 39. Nxc4 Kf8 40. Ne3 Qg5 41. Rc8 Kg7 42. Qa3 Rh3  0-1

[Event "2011 Canadian Closed"]
[Site "Guelph Canada"]
[EventDate "2011.05.06"]
[Date "2011.05.09"]
[Round "7"]
[White "Filipovich, David"]
[WhiteTitle "-"]
[WhiteElo "2174"]
[Black "Barron, Michael"]
[BlackTitle "FM"]
[BlackElo "2328"]
[Result "1-0"]
[Source "MonRoi"]

1. g3 e5 2. Bg2 f5 3. d3 Nf6 4. Nf3 Nc6 5. c4 g6 6. Nc3 Bg7 7. O-O O-O 8. Rb1 a5 9. a3 Qe7 10. Bg5 h6 11. Nd5 Qd6 12. Nxf6 Bxf6 13. Bxh6 Rf7 14. Ng5 Bxg5 15. Bxg5 Rh7 16. f4 Qd4 17. Kh1 d6 18. Qd2 a4 19. e3 Qc5 20. Rbd1 Bd7 21. d4 exd4 22. Bd5 Kg7 23. exd4 Qb6 24. Rfe1 Rhh8 25. Bxc6 Bxc6 26. d5 Be8 27. Re7 Bf7 28. Qc3 Kg8 29. Rxf7 Kxf7 30. Qf6 Kg8 31. Qxg6 Kf8 32. Qxf5 Kg8 33. Qg6 Kf8 34. Be7 Kxe7 35. Qg7 Kd8 36. Qxh8 Kd7 37. Qg7 Kc8 38. Qf8 Kd7 39. Qf7 Kd8 40. Re1  1-0

[Event "2011 Canadian Closed"]
[Site "Guelph Canada"]
[EventDate "2011.05.06"]
[Date "2011.05.09"]
[Round "7"]
[White "Stevens, Christian"]
[WhiteTitle "FM"]
[WhiteElo "2378"]
[Black "Dougherty, Michael"]
[BlackTitle "FM"]
[BlackElo "2312"]
[Result "0-1"]
[Source "MonRoi"]

1. Nf3 g6 2. c4 Bg7 3. e4 d6 4. d4 Nf6 5. Nc3 O-O 6. Be2 e5 7. O-O exd4 8. Nxd4 Re8 9. f3 Nc6 10. Be3 Nh5 11. Qd2 Nf4 12. Bxf4 Nd4 13. Bg5 f6 14. Be3 Nxe2 15. Nxe2 Be6 16. Rac1 f5 17. Bg5 Bf6 18. Bxf6 Qxf6 19. exf5 Bxf5 20. Nc3 Re5 21. Qd4 Rf8 22. Qxa7 Bd3 23. Rfd1 Qg5 24. Qxb7 Rfe8 25. h3 Qg3 26. Qa7  0-1

[Event "2011 Canadian Closed"]
[Site "Guelph Canada"]
[EventDate "2011.05.06"]
[Date "2011.05.09"]
[Round "7"]
[White "Drkulec, Vladimir"]
[WhiteTitle "-"]
[WhiteElo "2202"]
[Black "Anastasovski, Nikola"]
[BlackTitle "-"]
[BlackElo "2190"]
[Result "0-1"]
[Source "MonRoi"]

1. d4 f5 2. g3 e6 3. Nf3 b6 4. d5 Bb7 5. dxe6 dxe6 6. Qxd8 Kxd8 7. Bg2 Nf6 8. O-O Bd6 9. Nc3 Nbd7 10. Nb5 Ke7 11. Nfd4 Bxg2 12. Kxg2 a6 13. Nc6 Kf7 14. Nbd4 g6 15. Nf3 Rhe8 16. Ng5 Kg7 17. b3 h6 18. Nh3 e5 19. Bb2 Re6 20. f4 exf4 21. Nd4 Re7 22. Nxf4 Bxf4 23. Rxf4 c5 24. Nc6 Rxe2 25. Rf2 Rae8 26. Rd1 Kf8 27. h3 R2e6 28. Bxf6 Nxf6 29. Nd8 Re1 30. Rxe1 Rxe1 31. Rf1 Re8 32. Nb7 Ne4 33. g4 Rb8 34. Na5 bxa5 35. gxf5 Kg7 36. fxg6 Kxg6 37. Rf4 Re8 38. Rg4 Kf5 39. Rh4 Rg8 40. Kf1 Rg7 41. Ke2 Rg2 42. Kd3 Rg3 43. Ke2 Rc3 44. Rxh6 Rxc2 45. Kd3 Rc3 46. Ke2 a4 47. Rh5 Kf4 48. Rh4 Ke5 49. Rh6 axb3 50. axb3 Rxb3 51. Rxa6 Rxh3 52. Kd1 Rh2 53. Kc1 Kd4 54. Ra8 c4 55. Rd8 Kc3 56. Rd1 Rc2 57. Kb1 Nd2  0-1